[Event "Sunway Sitges Open 2018"]
[Site "Sitges ESP"]
[Date "2018.12.20"]
[Round "7.23"]
[White "Henni, Mohamed"]
[Black "Kadric, Denis"]
[Result "0-1"]
[WhiteTitle "IM"]
[BlackTitle "GM"]
[WhiteElo "2314"]
[BlackElo "2554"]
[WhiteFideId "7900171"]
[BlackFideId "14403803"]
[EventDate "2018.12.14"]

1. e4 g6 2. d4 Bg7 3. Nc3 a6 4. h4 d5 5. h5 dxe4 6. Be3 Nf6 7. h6 Bf8 8. f3 exf3
9. Qxf3 Nc6 10. Rh4 e6 11. Bg5 Be7 12. O-O-O O-O 13. Nh3 Nb4 14. Rf4 Nfd5 15.
Bxe7 Qxe7 16. Nxd5 Nxd5 17. Re4 f5 18. Ree1 Qh4 19. c4 Qxh6+ 20. Kb1 Nf6 21. d5
Ne4 22. Qf4 Qxf4 23. Nxf4 e5 24. Nd3 Re8 25. g4 Ng3 26. Rxe5 Rxe5 27. Nxe5 Nxf1
28. Rxf1 fxg4 29. Kc2 Bf5+ 30. Kc3 h5 31. Kd4 Kg7 32. b4 Rd8 33. a4 h4 34. Ke3
g3 35. Nf3 Re8+ 36. Kd2 h3 0-1

[Event "Sunway Sitges Open 2018"]
[Site "Sitges ESP"]
[Date "2018.12.20"]
[Round "7.24"]
[White "Beliavsky, Alexander G"]
[Black "Meister, Peter"]
[Result "1/2-1/2"]
[WhiteTitle "GM"]
[BlackTitle "IM"]
[WhiteElo "2544"]
[BlackElo "2355"]
[WhiteFideId "14602377"]
[BlackFideId "4600207"]
[EventDate "2018.12.14"]

1. d4 g6 2. e4 Bg7 3. Nc3 d6 4. Be3 a6 5. Qd2 b5 6. h4 Bb7 7. f3 h5 8. O-O-O Nd7
9. Nh3 Rc8 10. Kb1 c5 11. dxc5 Nxc5 12. Ng5 Qc7 13. g3 Nf6 14. Bh3 Rb8 15. e5
dxe5 16. Bxc5 Qxc5 17. Bd7+ Kf8 18. Be6 Bh6 19. Bxf7 Bxg5 20. hxg5 Kxf7 21. gxf6
exf6 22. Rhf1 Qc7 23. Qe3 Rbd8 24. Rxd8 Rxd8 25. Qh6 Qc4 26. Re1 Bxf3 27. Qh7+
Ke6 28. Qxg6 b4 29. Na4 Qc6 30. b3 Rd1+ 31. Rxd1 Bxd1 32. Kc1 Qxc2+ 33. Qxc2
Bxc2 34. Kxc2 Kf5 35. Nc5 Kg4 36. Ne4 f5 37. Nf6+ Kxg3 38. Nxh5+ Kf3 39. Kd2 e4
40. Ke1 f4 41. Nf6 a5 42. Kf1 Ke3 43. Nd5+ Kd2 44. Nxf4 Kc2 45. Ke2 Kb2 46. Ne6
Kxa2 47. Nc5 Ka3 48. Kd2 a4 49. bxa4 b3 50. Kc1 Kb4 51. Nxb3 Kxa4 1/2-1/2

[Event "Sunway Sitges Open 2018"]
[Site "Sitges ESP"]
[Date "2018.12.20"]
[Round "7.66"]
[White "Sanchez Lopez, Juan Manuel"]
[Black "Kholopov, Alexander A."]
[Result "0-1"]
[BlackTitle "FM"]
[WhiteElo "2065"]
[BlackElo "2210"]
[WhiteFideId "2227037"]
[BlackFideId "4148100"]
[EventDate "2018.12.14"]

1. c4 e6 2. e4 c5 3. Nc3 Nc6 4. g3 Nf6 5. Bg2 d5 6. cxd5 exd5 7. Nge2 d4 8. Nd5
Nxd5 9. exd5 Nb4 10. O-O Nxd5 11. Qb3 Nb6 12. Nf4 Be7 13. a4 Rb8 14. a5 Nd7 15.
Nd5 O-O 16. Nxe7+ Qxe7 17. d3 Ne5 18. Bf4 g5 19. Bxg5 Qxg5 20. f4 Be6 21. Qc2
Qh5 22. fxe5 Qxe5 23. Rae1 Qg5 24. Rf4 b6 25. Rfe4 Qg6 26. Re5 Rbe8 27. Qd2 h6
28. Qf4 Kg7 29. Qh4 Bd7 30. Rxe8 Rxe8 31. Rxe8 Bxe8 32. Be4 Qg5 33. Qh3 Qc1+ 34.
Kg2 Qxb2+ 35. Kf3 Qc1 36. Qc8 Qf1+ 37. Kg4 Ba4 38. axb6 Bd1+ 39. Kh4 axb6 40.
Bf5 Qf3 0-1

[Event "Sunway Sitges Open 2018"]
[Site "Sitges ESP"]
[Date "2018.12.20"]
[Round "7.79"]
[White "Arias Castanedo, Jacinto"]
[Black "Sosa Suarez, Carla Cristina"]
[Result "0-1"]
[WhiteElo "1811"]
[BlackElo "1939"]
[WhiteFideId "2221586"]
[BlackFideId "24536350"]
[EventDate "2018.12.14"]

1. d4 e6 2. Nf3 d5 3. e3 Nf6 4. Bd3 Nbd7 5. Nbd2 c5 6. c3 Bd6 7. O-O O-O 8. e4
dxe4 9. Nxe4 Nxe4 10. Bxe4 h6 11. Re1 Nf6 12. Bc2 Qc7 13. h3 b6 14. Qe2 Bb7 15.
dxc5 Bxc5 16. Be3 a5 17. Bxc5 Qxc5 18. Ne5 Qd5 19. f3 Rad8 20. Bb3 Qc5+ 21. Qf2
Qxf2+ 22. Kxf2 Rd2+ 23. Re2 Rfd8 24. Re1 Ba6 25. Nc4 Rxe2+ 26. Rxe2 a4 27. Rd2
Rxd2+ 28. Nxd2 axb3 29. Nxb3 Nd5 30. g3 Bc4 31. Nc1 Ba6 32. Nb3 Kf8 33. Nd2 Ke7
34. a3 f5 35. c4 Nf6 36. Ke3 e5 37. b3 g6 38. b4 Kd6 39. a4 Nh5 40. Kf2 Nf6 41.
Ke3 Ne8 42. Kd3 Nc7 43. Kc3 Bb7 44. Nb3 Bxf3 45. c5+ bxc5 46. Nxc5 Nd5+ 47. Kb3
Nc7 48. Nd3 e4 49. Ne1 Bd1+ 50. Ka3 g5 51. Ng2 Nd5 0-1

[Event "Sunway Sitges Open 2018"]
[Site "Sitges ESP"]
[Date "2018.12.20"]
[Round "7.84"]
[White "Rocher Gonzalez, Vicenc"]
[Black "Lopez Capape, Armando"]
[Result "0-1"]
[WhiteElo "1798"]
[BlackElo "1827"]
[WhiteFideId "32002459"]
[BlackFideId "2277603"]
[EventDate "2018.12.14"]

1. c4 b6 2. Nc3 e6 3. Nf3 f5 4. g3 Bb7 5. Bg2 Nf6 6. d3 Be7 7. O-O O-O 8. Re1 d5
9. Ne5 Nbd7 10. Bf4 Nxe5 11. Bxe5 Ng4 12. d4 Nxe5 13. dxe5 c6 14. cxd5 cxd5 15.
Nb5 Qd7 16. Qd3 Ba6 17. a4 Bxb5 18. axb5 Qc7 19. f4 Rfc8 20. Red1 Qc2 21. b3 Rc3
22. Qxc2 Rxc2 23. Kf1 Rc5 24. Rac1 Rac8 25. Ra1 R8c7 26. Rd3 Rxb5 27. Ke1 a5 28.
Bf1 Bb4+ 29. Kf2 Rbc5 30. Rb1 Kf8 31. Kf3 h6 32. g4 g6 33. gxf5 gxf5 34. Kg3 Rc1
35. Rxc1 Rxc1 36. Bg2 Rc3 37. Bf3 b5 38. Rxc3 Bxc3 39. e3 a4 40. bxa4 bxa4 41.
Bd1 a3 42. Bb3 Be1+ 43. Kf3 Ke7 44. Ke2 Bh4 45. Kd3 Kd7 46. Kc2 Bf2 47. Kd3 Kc6
48. h3 Kb5 49. Ke2 Bh4 50. Kd3 Kb4 51. Ba2 Bd8 52. Kc2 Bb6 53. Kd3 Bc5 54. Kd2
Kb5 55. Kd3 Kc6 56. Ke2 Kd7 57. h4 h5 58. Kf3 Be7 59. Kg3 Kc6 60. Bb3 Kc5 61.
Ba2 Kb4 62. e4 fxe4 63. f5 exf5 64. Bxd5 e3 65. Kf3 f4 66. Ke2 Bxh4 67. Kd3 Be7
68. Kc2 h4 69. Bg2 e2 0-1

[Event "Sunway Sitges Open 2018"]
[Site "Sitges ESP"]
[Date "2018.12.21"]
[Round "8.1"]
[White "Sasikiran, Krishnan"]
[Black "Andreikin, Dmitry"]
[Result "0-1"]
[WhiteTitle "GM"]
[BlackTitle "GM"]
[WhiteElo "2673"]
[BlackElo "2719"]
[WhiteFideId "5004985"]
[BlackFideId "4158814"]
[EventDate "2018.12.14"]

1. e4 g6 2. d4 Bg7 3. Be2 d6 4. Nf3 Nf6 5. Nc3 O-O 6. O-O a6 7. Re1 Nc6 8. d5
Nb8 9. a4 e5 10. dxe6 Bxe6 11. Nd4 Nc6 12. Be3 Nxd4 13. Bxd4 c5 14. Be3 Qb6 15.
Rb1 Rad8 16. Bf3 Qb4 17. Bd2 Rfe8 18. h3 Qb6 19. Qc1 Nd7 20. Bg5 Rb8 21. Rd1 Qc7
22. Qd2 Ne5 23. Qf4 b5 24. axb5 axb5 25. Bf6 Bxf6 26. Qxf6 b4 27. Ne2 b3 28.
cxb3 Rxb3 29. Nc3 Qd8 30. Qxd8 Rxd8 31. Be2 Bc4 32. Rd2 Rdb8 33. f4 Rxc3 34.
fxe5 Bxe2 35. Rxe2 dxe5 36. Rd1 Rcb3 37. Rd5 c4 38. Rc5 Rxb2 39. Rxb2 Rxb2 40.
Rxc4 Kg7 41. Kh2 h5 42. Kg3 h4+ 43. Kf3 Rb3+ 44. Kf2 Kh6 45. Rc7 f6 46. Rc6 Kg5
47. Re6 Rb5 48. Ke3 Rb2 49. Kf3 Ra2 50. Rc6 Ra3+ 51. Kf2 f5 52. Re6 fxe4 53. Re8
e3+ 54. Kf3 e2+ 55. Kxe2 Kf4 56. Rg8 Ra2+ 57. Kf1 Ke3 58. Kg1 Ra6 59. g3 hxg3
60. Kg2 e4 61. Kxg3 Ke2 62. Re8 e3 63. Kf4 Ra4+ 64. Kg5 Kd3 65. Kxg6 e2 66. Rxe2
Kxe2 67. Kg5 Kf3 0-1

[Event "Sunway Sitges Open 2018"]
[Site "Sitges ESP"]
[Date "2018.12.21"]
[Round "8.4"]
[White "Indjic, Aleksandar"]
[Black "Edouard, Romain"]
[Result "1/2-1/2"]
[WhiteTitle "GM"]
[BlackTitle "GM"]
[WhiteElo "2620"]
[BlackElo "2644"]
[WhiteFideId "911925"]
[BlackFideId "633429"]
[EventDate "2018.12.14"]

1. d4 d5 2. Nf3 Nf6 3. c4 dxc4 4. e3 e6 5. Bxc4 c5 6. O-O a6 7. Bb3 b5 8. a4 b4
9. e4 Bb7 10. e5 Ne4 11. Nbd2 Nxd2 12. Bxd2 cxd4 13. Ng5 Nd7 14. f4 Nc5 15. f5
Nxb3 16. Qxb3 Qd5 17. Qh3 h6 18. Rf2 exf5 19. e6 hxg5 20. Qxh8 O-O-O 21. Bxg5 f6
22. Bf4 d3 23. Rc1+ Bc6 24. e7 Bxe7 25. Qxg7 Rd7 26. Qg3 Bc5 27. Rxc5 Qxc5 28.
Qe3 Qxe3 29. Bxe3 Bxa4 30. Bd2 Rd5 31. Bxb4 Bd1 32. Bd2 Rc5 33. Rf1 Bh5 34. Rc1
Rc2 35. Kf2 Kd7 36. Rxc2 dxc2 37. Ke1 Ke6 38. Bf4 1/2-1/2

[Event "Sunway Sitges Open 2018"]
[Site "Sitges ESP"]
[Date "2018.12.21"]
[Round "8.5"]
[White "Halkias, Stelios"]
[Black "Inarkiev, Ernesto"]
[Result "0-1"]
[WhiteTitle "GM"]
[BlackTitle "GM"]
[WhiteElo "2552"]
[BlackElo "2693"]
[WhiteFideId "4201809"]
[BlackFideId "4162722"]
[EventDate "2018.12.14"]

1. Nf3 d5 2. d4 Nf6 3. c4 c6 4. g3 Bf5 5. Nc3 e6 6. Nh4 dxc4 7. Nxf5 exf5 8. e3
Nbd7 9. Qf3 g6 10. Bxc4 Nb6 11. Bb3 Bd6 12. h3 h5 13. Bd2 Qe7 14. Kf1 Ne4 15.
Nxe4 fxe4 16. Qe2 h4 17. g4 O-O-O 18. Rc1 Kb8 19. Ba5 f5 20. Bxb6 axb6 21. Ke1
Rhf8 22. gxf5 Rxf5 23. Qg4 c5 24. dxc5 Bxc5 25. Rc2 Qd6 26. Bc4 Bb4+ 27. Ke2 b5
28. Qxe4 bxc4 29. Qxc4 Rxf2+ 0-1

[Event "Sunway Sitges Open 2018"]
[Site "Sitges ESP"]
[Date "2018.12.21"]
[Round "8.6"]
[White "Vocaturo, Daniele"]
[Black "Henderson de La Fuente, Lance"]
[Result "1/2-1/2"]
[WhiteTitle "GM"]
[BlackTitle "IM"]
[WhiteElo "2629"]
[BlackElo "2484"]
[WhiteFideId "813192"]
[BlackFideId "32096585"]
[EventDate "2018.12.14"]

1. e4 e5 2. Nf3 Nc6 3. Bc4 Bc5 4. O-O Nf6 5. d3 d6 6. c3 a6 7. a4 Ba7 8. Bg5 h6
9. Bh4 g5 10. Bg3 Qe7 11. Na3 h5 12. h4 Bg4 13. Nc2 O-O-O 14. Ne3 Nh7 15. b4 f5
16. exf5 Bxe3 17. Be6+ Kb8 18. fxe3 Bxf3 19. gxf3 gxh4 20. Bh2 Ng5 21. b5 Nxe6
22. bxc6 Qg5+ 23. Kh1 Rhg8 24. Ra2 Qxf5 25. Rb2 b6 26. a5 Ka7 27. axb6+ cxb6 28.
d4 Qh3 29. Qe2 Nc7 30. d5 Rdf8 31. e4 Rg3 32. Rxb6 Rgxf3 33. Rxf3 Rxf3 34. Rb1
Nb5 35. Qe1 Ka8 36. Qg1 Rxc3 37. Rf1 Rf3 38. Ra1 Ra3 39. Rxa3 Qxa3 40. Qg8+ Ka7
41. Bg1+ Nd4 42. Bxd4+ exd4 43. Qg7+ Kb6 44. Qxd4+ Kb5 45. Kg2 Qg3+ 46. Kf1 h3
47. Qb2+ Ka5 48. Qd2+ Kb5 49. Qb2+ Ka5 50. Qd2+ Kb5 51. Qb2+ 1/2-1/2

[Event "Sunway Sitges Open 2018"]
[Site "Sitges ESP"]
[Date "2018.12.21"]
[Round "8.7"]
[White "Santos Ruiz, Miguel"]
[Black "Adly, Ahmed"]
[Result "1/2-1/2"]
[WhiteTitle "GM"]
[BlackTitle "GM"]
[WhiteElo "2523"]
[BlackElo "2626"]
[WhiteFideId "22291482"]
[BlackFideId "10601619"]
[EventDate "2018.12.14"]

1. e4 c6 2. d4 d5 3. exd5 cxd5 4. Bd3 Nc6 5. c3 g6 6. Nf3 Bg7 7. O-O Bf5 8. Bxf5
gxf5 9. Bf4 e6 10. Ne1 Nge7 11. Qh5 Ng6 12. Bh6 Bf6 13. Nd3 Qc7 14. Nd2 O-O-O
15. a4 Kb8 16. Nb3 Be7 17. a5 Ka8 1/2-1/2

[Event "Sunway Sitges Open 2018"]
[Site "Sitges ESP"]
[Date "2018.12.21"]
[Round "8.8"]
[White "Sosa, Tomas ARG"]
[Black "Lagarde, Maxime"]
[Result "1-0"]
[WhiteTitle "IM"]
[BlackTitle "GM"]
[WhiteElo "2488"]
[BlackElo "2616"]
[WhiteFideId "121576"]
[BlackFideId "662399"]
[EventDate "2018.12.14"]

1. e4 c5 2. Nf3 Nc6 3. d4 cxd4 4. Nxd4 Nf6 5. Nc3 d6 6. Bg5 e6 7. Qd2 a6 8.
O-O-O Bd7 9. f4 Be7 10. Kb1 b5 11. a3 Rb8 12. Nb3 h6 13. Bh4 b4 14. axb4 Nxb4
15. Be2 a5 16. e5 dxe5 17. fxe5 Nfd5 18. Bxe7 Qxe7 19. Nxd5 Nxd5 20. Nxa5 O-O
21. c4 Qa3 22. cxd5 exd5 23. Rhf1 Rb6 24. Ba6 Rfb8 25. Bb7 Be6 26. Rf3 Qa4 27.
b3 d4 28. Qa2 Qxa2+ 29. Kxa2 Rb5 30. Nc6 R8xb7 31. Nxd4 Ra5+ 32. Kb2 Bg4 33. Nc6
Rc5 34. Rd8+ Kh7 35. Rg3 Bd7 36. Nd4 Rxe5 37. Rd3 g5 38. Nf3 Re7 39. g3 Bf5 40.
Rc3 Re2+ 41. Rd2 Rbe7 42. Kc1 Kg6 43. Rc6+ f6 44. Rdd6 Rf7 45. Kd1 Re3 46. Nd2
h5 47. Nc4 Ree7 48. Kd2 h4 49. gxh4 gxh4 50. Rd4 Rh7 51. Rdd6 Rhf7 52. Rd4 Rh7
53. Rdd6 Ra7 54. Rxf6+ Kg5 55. Ra6 Rhd7+ 56. Ke2 Bg4+ 57. Ke3 Re7+ 58. Kd3 Rad7+
59. Rfd6 Kf4 60. Rxd7 Rxd7+ 61. Kc3 Bf5 62. Ra2 Rd3+ 63. Kb4 Be6 64. Rf2+ Rf3
65. Re2 Bf5 66. Nd2 Re3 67. Rf2+ Kg4 68. Nc4 Re1 69. Kc5 Bd3 70. Kd4 Bh7 71. b4
Rb1 72. Ne5+ Kh3 73. Nc6 Rd1+ 74. Kc5 Be4 75. b5 Rc1+ 76. Kd6 Rb1 77. Nd4 Bg2
78. Rf4 Kxh2 79. Rxh4+ Kg3 80. Nf5+ Kf2 81. Rf4+ Kg1 82. Kc5 Rf1 83. Rxf1+ Bxf1
84. b6 Bg2 85. Kd6 Ba8 86. Kc7 Kf2 87. Nd6 Kg1 88. Nb7 1-0

[Event "Sunway Sitges Open 2018"]
[Site "Sitges ESP"]
[Date "2018.12.21"]
[Round "8.9"]
[White "Dragnev, Valentin"]
[Black "Romanov, Evgeny"]
[Result "1/2-1/2"]
[WhiteTitle "GM"]
[BlackTitle "GM"]
[WhiteElo "2483"]
[BlackElo "2614"]
[WhiteFideId "1634852"]
[BlackFideId "4148843"]
[EventDate "2018.12.14"]

1. d4 Nf6 2. c4 b6 3. f3 Nc6 4. Nc3 e5 5. d5 Ne7 6. e3 Ng6 7. Bd3 Bb4 8. Ne2 e4
9. fxe4 Ng4 10. O-O O-O 11. Nb5 Re8 12. h3 N4e5 13. b3 c6 14. Nbd4 Nxd3 15. Qxd3
Bd6 16. Bb2 Be5 17. Rab1 c5 18. Nf3 Bxb2 19. Rxb2 d6 20. Nc3 Ne5 21. Nxe5 Rxe5
22. a3 Bd7 23. b4 Rc8 24. b5 Qe7 25. Rbf2 f6 26. a4 Be8 27. Rf5 Bg6 28. Rxe5
Qxe5 29. a5 Re8 30. axb6 axb6 31. Ra1 Qg3 32. Ra6 Qe1+ 33. Kh2 h5 34. Rxb6 h4
35. Ra6 Qg3+ 36. Kg1 Qe1+ 37. Kh2 Qg3+ 38. Kg1 Qe1+ 39. Kh2 Qg3+ 1/2-1/2

[Event "Sunway Sitges Open 2018"]
[Site "Sitges ESP"]
[Date "2018.12.21"]
[Round "8.10"]
[White "Liang, Awonder"]
[Black "Garriga Cazorla, Pere"]
[Result "1-0"]
[WhiteTitle "GM"]
[BlackTitle "IM"]
[WhiteElo "2589"]
[BlackElo "2448"]
[WhiteFideId "2056437"]
[BlackFideId "32011601"]
[EventDate "2018.12.14"]

1. e4 c5 2. Nf3 d6 3. Bb5+ Nd7 4. Ba4 Nf6 5. O-O a6 6. c4 g6 7. Nc3 Bg7 8. d3
O-O 9. h3 Ne8 10. Be3 Nc7 11. d4 Ne6 12. Qd2 cxd4 13. Nxd4 Ne5 14. Bb3 Nc6 15.
Nxe6 Bxe6 16. Nd5 Bxd5 17. cxd5 Na5 18. Rfc1 Nxb3 19. axb3 Qd7 20. Rc4 Rfc8 21.
Rac1 Rxc4 22. Rxc4 Rc8 23. Qc2 Rxc4 24. bxc4 Qc7 25. b4 h5 26. c5 dxc5 27. bxc5
Qa5 28. g3 Be5 29. Qb3 Qb5 30. Qxb5 axb5 31. Bf4 Bxf4 32. gxf4 Kf8 33. Kf1 f6
34. Ke2 e5 35. fxe5 fxe5 36. Kd2 g5 37. Kc3 h4 38. f3 1-0

[Event "Sunway Sitges Open 2018"]
[Site "Sitges ESP"]
[Date "2018.12.21"]
[Round "8.11"]
[White "Wang, Kevin"]
[Black "Peralta, Fernando"]
[Result "1/2-1/2"]
[WhiteTitle "IM"]
[BlackTitle "GM"]
[WhiteElo "2449"]
[BlackElo "2584"]
[WhiteFideId "2008424"]
[BlackFideId "105309"]
[EventDate "2018.12.14"]

1. d4 d5 2. c4 e6 3. Nf3 Nf6 4. g3 Bb4+ 5. Bd2 Be7 6. Bg2 O-O 7. O-O Nbd7 8. Bf4
dxc4 9. Qc2 Nb6 10. Nbd2 Nfd5 11. Nxc4 Nxf4 12. gxf4 Nxc4 13. Qxc4 c6 14. e3 a5
15. a4 Bb4 16. Ne5 Qe7 17. Rac1 Rd8 18. Kh1 Bd7 19. Qb3 Be8 20. Nd3 Bd6 21. Rg1
g6 22. Bf3 Rac8 23. Rg5 Qc7 24. Rgg1 Bf8 25. Rc2 Bg7 26. Rgc1 Ra8 27. Kg1 Rab8
28. Nc5 Rdc8 29. Nd3 Qd8 30. Rc4 Bf8 31. Qc2 Bg7 32. Rc5 Bf8 33. Rc4 Bg7 34. Rc5
Bf8 1/2-1/2

[Event "Sunway Sitges Open 2018"]
[Site "Sitges ESP"]
[Date "2018.12.21"]
[Round "8.12"]
[White "Krishna Teja, N"]
[Black "Nihal, Sarin"]
[Result "1-0"]
[WhiteTitle "IM"]
[BlackTitle "GM"]
[WhiteElo "2340"]
[BlackElo "2576"]
[WhiteFideId "5001498"]
[BlackFideId "25092340"]
[EventDate "2018.12.14"]

1. d4 d6 2. e4 g6 3. Nc3 Bg7 4. f4 Nf6 5. Nf3 O-O 6. Bd3 Nc6 7. d5 Nb4 8. a3
Nxd3+ 9. Qxd3 c6 10. Be3 cxd5 11. exd5 Bf5 12. Qd2 Rc8 13. O-O Rxc3 14. Qxc3
Nxd5 15. Qb3 Nxe3 16. Qxe3 Bxc2 17. Qxa7 Be4 18. Qe3 Bd5 19. Rad1 e6 20. Rf2 Qd7
21. Rfd2 Rc8 22. Nd4 f5 23. Nb5 Bf8 24. Rxd5 exd5 25. Rxd5 Qc6 26. Rd1 d5 27. b4
Re8 28. Qd3 Rd8 29. Nd4 Qb6 30. Qb5 Qxb5 31. Nxb5 Kf7 32. Kf2 Rd7 33. Rc1 Bg7
34. Ke2 Ke7 35. Rc8 Rd8 36. Rc7+ Rd7 37. Kd3 Bh6 38. Rxd7+ Kxd7 39. g3 Bg7 40.
a4 Bf8 41. Kc3 Bg7+ 42. Nd4 Kd6 43. Kd3 Bf6 44. h3 Bh8 45. Nf3 Bb2 46. Ng5 h6
47. Nf3 Ba3 48. Kc3 d4+ 49. Nxd4 Kd5 50. Ne2 Ke4 51. Kb3 Kd5 1-0

[Event "Sunway Sitges Open 2018"]
[Site "Sitges ESP"]
[Date "2018.12.21"]
[Round "8.13"]
[White "Gordievsky, Dmitry"]
[Black "Praggnanandhaa, R"]
[Result "1/2-1/2"]
[WhiteTitle "GM"]
[BlackTitle "GM"]
[WhiteElo "2614"]
[BlackElo "2530"]
[WhiteFideId "24112798"]
[BlackFideId "25059530"]
[EventDate "2018.12.14"]

1. Nf3 Nf6 2. c4 e6 3. b3 d5 4. Bb2 c5 5. e3 Nc6 6. cxd5 exd5 7. Be2 Bd6 8. d4
cxd4 9. Nxd4 O-O 10. O-O Re8 11. Nd2 a6 12. Rc1 Bd7 13. Qc2 Ne4 14. Nxc6 bxc6
15. Nxe4 Rxe4 16. Bd3 Rh4 17. g3 Rh6 18. e4 Qg5 19. f4 Qh5 20. Rf2 dxe4 21. Bxe4
Re8 22. Bf3 Bg4 23. Qxc6 Rhe6 24. Qc3 Bf8 25. Bxg4 Qxg4 26. Kg2 Re3 27. Qd4 h5
28. Rc3 R3e4 29. Qd5 Re2 30. Rf3 h4 31. Be5 Rxf2+ 32. Rxf2 Rc8 33. Rd2 Bb4 34.
Qd7 h3+ 35. Kf2 Qxd7 36. Rxd7 Rc2+ 37. Kf3 Rxh2 38. Kg4 f6 39. Bd4 Rxa2 40. Kxh3
Ra3 41. Rd8+ Kh7 42. Rd7 Kh6 43. Rb7 a5 44. Bb6 a4 45. bxa4 Rxa4 1/2-1/2

[Event "Sunway Sitges Open 2018"]
[Site "Sitges ESP"]
[Date "2018.12.21"]
[Round "8.14"]
[White "Gukesh, D"]
[Black "Santos Latasa, Jaime"]
[Result "1/2-1/2"]
[WhiteTitle "IM"]
[BlackTitle "GM"]
[WhiteElo "2466"]
[BlackElo "2584"]
[WhiteFideId "46616543"]
[BlackFideId "2293307"]
[EventDate "2018.12.14"]

1. Nf3 Nf6 2. g3 g6 3. b3 Bg7 4. Bb2 O-O 5. Bg2 d6 6. d4 a5 7. Nc3 d5 8. O-O c6
9. Na4 Ne4 10. c4 b5 11. cxb5 cxb5 12. Nc3 Nxc3 13. Bxc3 b4 14. Bb2 Nd7 15. Ne5
e6 16. Qd2 Bb7 17. Rfc1 Nxe5 18. dxe5 Qd7 19. Bd4 Rfc8 20. f4 Bf8 21. Rxc8 Rxc8
22. Rc1 Rc6 23. e3 Ba6 24. Bf1 1/2-1/2

[Event "Sunway Sitges Open 2018"]
[Site "Sitges ESP"]
[Date "2018.12.21"]
[Round "8.15"]
[White "Pogonina, Natalija"]
[Black "Lopez Martinez, Josep Manuel"]
[Result "0-1"]
[WhiteTitle "WGM"]
[BlackTitle "GM"]
[WhiteElo "2465"]
[BlackElo "2580"]
[WhiteFideId "4147855"]
[BlackFideId "2212943"]
[EventDate "2018.12.14"]

1. d4 Nf6 2. c4 e6 3. Nf3 d5 4. g3 Bb4+ 5. Nbd2 dxc4 6. Bg2 c6 7. a3 Bxd2+ 8.
Bxd2 b5 9. O-O O-O 10. a4 Bb7 11. b3 cxb3 12. Qxb3 a6 13. Rfc1 Nbd7 14. Bb4 Re8
15. Ne5 Nxe5 16. dxe5 Nd7 17. Bd6 Nb6 18. a5 Nd5 19. e4 Nf6 20. Rd1 Nd7 21. Qc3
Rc8 22. Bc5 Ba8 23. f4 Qc7 24. Rd6 h6 25. Bh3 Rb8 26. Qd4 Nxc5 27. Qxc5 Re7 28.
f5 exf5 29. exf5 Rbe8 30. e6 Qa7 31. Qxa7 Rxa7 32. Rc1 fxe6 33. fxe6 Kf8 34.
Rf1+ Ke7 35. Rxc6 Bxc6 36. Rf7+ Kd6 37. Rxa7 Ra8 38. Rxg7 b4 39. Bf5 b3 40. e7
Re8 41. Rg6+ Kc5 42. Re6 b2 43. Re2 Rb8 44. Bb1 Kd6 45. Kf2 Be8 46. g4 Rb5 47.
Kg3 Kd7 48. Kf4 Bf7 49. h4 Ke8 50. g5 Bh5 51. Re5 hxg5+ 52. hxg5 Rb4+ 53. Kf5
Rc4 54. g6 Rc1 55. Bd3 Rg1 56. Kf4 Rg4+ 57. Kf5 Rg3 58. g7 Rxg7 59. Re1 Rg3 60.
Bb1 Rc3 61. Ba2 Rc1 62. Re6 Ra1 63. Kf6 Bf7 64. Rb6 Rf1+ 65. Ke5 Bxa2 66. Rxb2
Bc4 67. Rb7 Rd1 68. Kf6 Rd6+ 69. Ke5 Rh6 70. Kd4 Bb5 71. Kc5 Rc6+ 72. Kd5 Rc1
73. Kd6 Kf7 74. Ra7 Rc6+ 75. Kd7 Rc1+ 76. Kd8 Rd1+ 77. Kc8 Ke8 78. Rc7 Ra1 79.
Kb7 Rxa5 80. Kb6 Ra1 81. Ra7 Ra2 82. Kc5 Rb2 83. Kd6 Kf7 84. Kc5 Rb1 85. Kd6 Rc1
86. Kd5 Bf1 87. Kd6 Ra1 88. Kc5 Rd1 89. Kb4 Ke8 90. Ka5 Rb1 91. Ka4 Rb8 92. Ka5
Be2 93. Ka4 Rc8 94. Kb4 Rc6 95. Ka5 Rc2 96. Kb6 Ra2 97. Kc5 a5 98. Kd6 Bf3 99.
Rc7 Rd2+ 100. Ke6 Bg4+ 101. Kf6 Rd6+ 102. Ke5 Ra6 103. Kd4 a4 0-1

[Event "Sunway Sitges Open 2018"]
[Site "Sitges ESP"]
[Date "2018.12.21"]
[Round "8.16"]
[White "Ahlander, Bjorn"]
[Black "Kulaots, Kaido"]
[Result "0-1"]
[WhiteTitle "IM"]
[BlackTitle "GM"]
[WhiteElo "2417"]
[BlackElo "2555"]
[WhiteFideId "1700251"]
[BlackFideId "4500261"]
[EventDate "2018.12.14"]

1. d4 e6 2. c4 Bb4+ 3. Bd2 a5 4. Nf3 Nf6 5. g3 d6 6. Bg2 Nbd7 7. O-O e5 8. Nc3
exd4 9. Nxd4 O-O 10. Rc1 Re8 11. h3 c6 12. a3 Bc5 13. e3 Ne5 14. Na4 Ba7 15. b4
axb4 16. axb4 Bd7 17. Nb2 d5 18. Qc2 dxc4 19. Nxc4 Bxd4 20. exd4 Nxc4 21. Qxc4
Be6 22. Qc5 Qd7 23. Kh2 Bd5 24. Rfe1 Bxg2 25. Kxg2 Ne4 26. Qc2 Qxd4 27. Be3 Qxb4
28. Rb1 Qa5 29. Qc4 Nd6 30. Qg4 Nf5 31. Bb6 Qd5+ 32. Kh2 Rxe1 33. Rxe1 h6 34.
Qf4 Nd6 35. Bc7 Nb5 36. Qg4 Nxc7 0-1

[Event "Sunway Sitges Open 2018"]
[Site "Sitges ESP"]
[Date "2018.12.21"]
[Round "8.21"]
[White "Low, Zhen Yu Cyrus"]
[Black "Vasquez Schroeder, Rodrigo"]
[Result "0-1"]
[WhiteTitle "IM"]
[BlackTitle "GM"]
[WhiteElo "2384"]
[BlackElo "2495"]
[WhiteFideId "5804175"]
[BlackFideId "3400042"]
[EventDate "2018.12.14"]

1. e4 e6 2. d4 d5 3. Nd2 Nf6 4. e5 Nfd7 5. c3 c5 6. Bd3 Nc6 7. Ne2 cxd4 8. cxd4
Nb6 9. O-O Bd7 10. f4 g6 11. Nf3 Nb4 12. Bb1 Ba4 13. b3 Bb5 14. Rf2 h5 15. Ng3
h4 16. Nf1 Qc7 17. Ne3 Qc3 18. Ng4 O-O-O 19. Ng5 Qc7 20. a3 Nc6 21. a4 Ba6 22.
Rc2 Kb8 23. Nf6 Bb4 24. Bd2 Qe7 25. Be3 Rc8 26. Bf2 Nd7 27. Ng4 Ba5 28. Rc1 Bb6
29. Bd3 Bxd3 30. Qxd3 f6 31. exf6 Nxf6 32. Ne5 Nxe5 33. fxe5 Ng4 34. Nf3 g5 35.
h3 Nxf2 36. Kxf2 a6 37. Ke2 Rcf8 38. a5 Ba7 39. b4 Rhg8 40. b5 axb5 41. a6 g4
42. hxg4 Rxg4 43. axb7 Rxg2+ 44. Kf1 Rg3 45. Rc8+ Rxc8 46. bxc8=Q+ Kxc8 47. Rc1+
Kd8 48. Ke2 Qb4 49. Kf2 Qb2+ 50. Rc2 Qxd4+ 51. Qxd4 Rxf3+ 52. Kxf3 Bxd4 53. Kf4
b4 54. Rd2 Bc3 55. Rd3 Kd7 56. Rh3 Kc6 57. Rxh4 Bd2+ 58. Kf3 b3 59. Rh8 Kc5 60.
Rb8 Bb4 61. Rc8+ Kd4 62. Rb8 Kc4 63. Rc8+ Bc5 64. Rb8 Bd4 65. Ke2 Bxe5 66. Rb6
Bd4 67. Rb8 e5 0-1

[Event "Sunway Sitges Open 2018"]
[Site "Sitges ESP"]
[Date "2018.12.21"]
[Round "8.23"]
[White "Xu, Xiangyu"]
[Black "Garcia Ramos, Daniel"]
[Result "1-0"]
[WhiteTitle "GM"]
[BlackTitle "FM"]
[WhiteElo "2565"]
[BlackElo "2304"]
[WhiteFideId "8608288"]
[BlackFideId "32010311"]
[EventDate "2018.12.14"]

1. d4 Nf6 2. c4 e6 3. g3 c5 4. Nf3 cxd4 5. Nxd4 Qc7 6. Nc3 a6 7. Qd3 Nc6 8. Nxc6
Qxc6 9. e4 Bb4 10. Bd2 b6 11. Bg2 Bb7 12. O-O Rc8 13. Nd5 exd5 14. Bxb4 dxe4 15.
Qd4 Qxc4 16. Qxb6 Bc6 17. Ba3 Nd5 18. Qa5 Qb5 19. Qd2 Ne7 20. Rae1 Qe5 21. f4
Qf5 22. Qb4 d6 23. Qxd6 Qe6 24. Bxe4 Bxe4 25. Qxe6 fxe6 26. Rxe4 Rc6 27. Rfe1
Nf5 28. g4 Nh4 29. Rxe6+ Rxe6 30. Rxe6+ Kf7 31. Rxa6 Rc8 32. Kf2 Rc2+ 33. Kg3
Ng2 34. Ra7+ Kg8 35. Ra8+ Kf7 36. f5 g5 37. Ra7+ 1-0